| 000 | 01161nam a2200313 4500 | ||
|---|---|---|---|
| 003 | OSt | ||
| 005 | 20240213110258.0 | ||
| 008 | 240212s2007 mx adk|f |||| 001 0 spa d | ||
| 020 | _a10: 9702610222 | ||
| 020 | _a13: 9789702610229 | ||
| 040 |
_erda _cCHAP |
||
| 082 | 0 | 0 |
_222 _a540 _bY95 |
| 100 | 1 |
_9188690 _aYurkanis Bruice, Paula |
|
| 245 | 1 | 0 |
_aFundamentos de química orgánica / _cpor Paula Yurcanis Bruice, traductores Víctor Campos Olguín y Sergio Durán Reyes |
| 264 | 1 |
_aMéxico: _bPearson Educación, _c2007. |
|
| 300 |
_a591 páginas: _bIlustraciones, cuadros, fotos, gráficas, tablas |
||
| 336 |
_2rdacontent _atexto _btxt |
||
| 337 |
_2rdamedia _asin medio _bn |
||
| 338 |
_2rdacarrier _avolumen _bnc |
||
| 504 | _aIncluye índice, bibliografía, formularios, apéndice y glosario | ||
| 534 |
_pTítulo original: _tOrganic Chemistry |
||
| 650 | 4 |
_9146887 _aQuímica orgánica _x Problemas, ejercicios, etc |
|
| 650 | 4 |
_937002 _aEnlaces químicos |
|
| 650 | 4 |
_994911 _aReacciones químicas |
|
| 700 | 1 |
_9159287 _aCampos Olguín, Víctor _eTraductor |
|
| 700 | 1 |
_9188691 _aDurán Reyes, Sergio _eTraductor |
|
| 942 | _2ddc | ||
| 942 | _cLIBRO | ||
| 999 |
_c219667 _d219667 |
||